| 000 | 01159nam a22002657a 4500 | ||
|---|---|---|---|
| 999 |
_c2262 _d2262 |
||
| 003 | AR-CdUCM | ||
| 008 | 190304b ||||| |||| 00| 0 spa d | ||
| 040 |
_aMUNICIPALIDAD PROVINCIAL DEL CUSCO _cBIBLIOTECA MUNICIPAL DEL CUSCO |
||
| 082 |
_a377.2 / _bE25 |
||
| 100 |
_aArmytage, W.H.G. _98160 |
||
| 245 | _aLa educación en el mundo de la industria / | ||
| 260 |
_aBuenos aires : _bAngel Estrada y Cia Editores, _c1971. |
||
| 300 |
_a353 paginas ; _c19 cm. |
||
| 505 | _aContenido :La educación en la industria -- Educación e instrucción de trabajo -- Reflexiones sobre la educación, la tecnología industrial y el progreso económico -- Aspectos sociológicos de la instrucción vocacional -- La industria, la educación y la instrucción vocacional en Francia ... | ||
| 650 |
_aIndustria y educación _98161 |
||
| 650 |
_aEducacional industrial _98162 |
||
| 650 |
_aEducación de Brasil _98163 |
||
| 700 |
_aLeal, Anibal C. (traductor) _98164 |
||
| 700 |
_aWolfgang, Armbruster y D. Winterhager _98165 |
||
| 700 |
_aBlough, Roger M. _98166 |
||
| 700 |
_aLegoux, Yves _98167 |
||
| 700 |
_aPage, Andre _98168 |
||
| 942 |
_2ddc _cLIBROS |
||
| 945 | _arum | ||